00736nam a2200205Ia 4500003000900000008004100009040001600050080001700066245011200083260002800195300001500223650003200238650003500270650004100305650003800346700003400384942000700418999001300425952009200438IN-BaIIA211028s9999 xx 000 0 eng d cIIA Library a03:53bGLA-1 2aA dictionary of applied physicsbvol. V, aeronautics metallurgy general Indexcedited by Richard Glazebrook aLondonbMacmillanc1923 avii, 592p. aAeronautics Metallurgy9613 aApplied Physics Dictonary9614 aAstronomy and Astrophysics Thesaurus aDictionaries-Applied Physics9615 aGlazebrook, Richard, ed.9616 cBK c305d305 00104070aBANbKODcGENd0000-00-00l0o03:53/ GLA-1p294r2021-11-05w0000-00-00yBK